Game Engine Architecture

Сохранить в:
Библиографические подробности
Главный автор: Jason Gregory
Формат:
Опубликовано: CRC Press
Предметы:
Метки: Добавить метку
Нет меток, Требуется 1-ая метка записи!

MARC

LEADER 00000nam a2200000Ia 4500
005 20260427112731.0
526 |b Immersive Arts 
100 |a Jason Gregory 
020 |a 9781032443089 
650 |a Game Dev 
526 |a Masters 
942 |c BK 
245 |a Game Engine Architecture 
260 |b CRC Press 
999 |c 131  |d 131 
952 |0 0  |1 0  |4 0  |7 0  |8 4  |a BRISTOL  |b BRISTOL  |d 2026-04-22  |l 0  |p 000128  |r 2026-04-27 11:27:32  |w 2026-04-27  |y BK